00827cam a22002411 45000010005000000030008000050050017000130080039000300350018000690400036000870410008001230510031001310820022001621000044001842450063002282500012002912600065003033000036003685000065004045040067004696500019005367400030005557488BD-RjUL20211208234425.0150114s1965 nyua b 000 0 eng a(BD-RjUL)7532 aDLC/ICUcICUdDLCdBD-RjULbeng aeng aQA273b.U8 Copy 2cCopy 2.00a519218bUSI 19651 aUspensky, J. V.q(James Victor),d1883-10aIntroduction to mathematical probability /cJ.V. Uspensky. a1st ed. aNew York;aLondon :bMcGraw-Hill book company, inc.,cc1965. aix, 411 p. :bdiagrs. ;c24 cm. a"Problems for solution" with answers at end of each chapter. a"References" at end of each chapter except chapters I and III. 0aProbabilities.0 aMathematical probability.